000 00476nam a2200169Ia 4500
008 240729s9999 xx 000 0 und d
022 _a2522-1361
245 0 _aPhysical Sciences and Technology
260 _aKazakhstan
260 _bAl-Farabi Kazakh National University
650 _a Physics
650 _a Technology (General) | Science
650 _aTechnology
856 _uhttps://doaj.org/toc/a9f548bde9b0499989d6f3a13d4b67f5
942 _2ddc
942 _cDOAJEJ
999 _c69275
_d69275
945 _a1
_bMadushi Gamage
_c1
_dMadushi Gamage